000 00342nam a22001457a 4500
008 230718b ||||| |||| 00| 0 eng d
020 _a9780131117661
041 _aeng
080 _2FOURTH EDITION
_a51
082 _a51PUR
100 _a23
101 _aMATEM
245 _aCALCULUS WITH ANALYTIC GEOMETRY
_cPURCELL .J.E
942 _2udc
_cBK
999 _c60150
_d60150